[Event "SLO-ch"]
[Site "Otocec"]
[Date "2016.04.25"]
[Round "3"]
[White "Rifelj, Luka"]
[Black "Barle, Janez"]
[Result "0-1"]
[WhiteElo "1999"]
[BlackElo "2320"]
[PlyCount "72"]
[EventDate "2016.04.23"]
[EventType "swiss"]
[EventRounds "9"]
[EventCountry "SLO"]
[SourceTitle "CBM 172 Extra"]
[Source "ChessBase"]
[SourceDate "2016.06.21"]
[SourceVersion "1"]
[SourceVersionDate "2016.06.21"]
[SourceQuality "1"]

1. d4 d5 2. c4 e6 3. Nc3 c5 4. cxd5 exd5 5. Nf3 Nc6 6. g3 Nf6 7. Bg2 Be7 8. 0-0 0-0 9. Bg5 cxd4 10. Nxd4 h6 11. Be3 Be6 12. Nxc6 bxc6 13. Na4 Qd7 14. Nc5 Bxc5 15. Bxc5 Rfe8 16. Bd4 Ne4 17. Bxe4 dxe4 18. Bc3 Bd5 19. Qd4 f6 20. Qe3 Qg4 21. Rfd1 a5 22. Rd2 a4 23. Qf4 Qh3 24. Qe3 h5 25. Rad1 h4 26. gxh4 Qxh4 27. Qg3 Qxg3+ 28. hxg3 Bxa2 29. Bd4 Bd5 30. e3 Kf7 31. Kg2 Be6 32. Rh1 Bg4 33. Rh4 Bf3+ 34. Kh2 Rh8 35. Bc5 g5 36. Rd7+ Kg6 0-1

[Event "SLO-ch"]
[Site "Otocec"]
[Date "2016.04.23"]
[Round "1"]
[White "Rifelj, Luka"]
[Black "Jovanic, Ognjen"]
[Result "0-1"]
[WhiteElo "1999"]
[BlackElo "2427"]
[PlyCount "62"]
[EventDate "2016.04.23"]
[EventType "swiss"]
[EventRounds "9"]
[EventCountry "SLO"]
[SourceTitle "CBM 172 Extra"]
[Source "ChessBase"]
[SourceDate "2016.06.21"]
[SourceVersion "1"]
[SourceVersionDate "2016.06.21"]
[SourceQuality "1"]

1. d4 d5 2. c4 c6 3. Nf3 Nf6 4. Nc3 a6 5. a4 e6 6. e3 c5 7. Bd3 Nc6 8. 0-0 Be7 9. b3 cxd4 10. exd4 dxc4 11. Bxc4 Nb4 12. Ne5 0-0 13. Re1 b6 14. Bb2 Bb7 15. Qe2 Nbd5 16. g3 Bb4 17. Qd3 Qd6 18. Rac1 Rfc8 19. Red1 Qd8 20. Ne4 Rc7 21. Ng5 h6 22. Ngf3 Ne8 23. Qe2 Nd6 24. Bd3 Bc3 25. Bh7+ Kxh7 26. Qd3+ Kg8 27. Bxc3 f6 28. Ng4 h5 29. Nh6+ gxh6 30. Qg6+ Rg7 31. Qxh5 Nf4 0-1

[Event "Otocec Krka Terme op"]
[Site "Otocec"]
[Date "2015.11.22"]
[Round "5"]
[White "Bosiocic, Marin"]
[Black "Rifelj, Luka"]
[Result "1-0"]
[WhiteElo "2559"]
[BlackElo "1945"]
[PlyCount "119"]
[EventDate "2015.11.20"]
[EventType "swiss"]
[EventRounds "5"]
[EventCountry "SLO"]
[SourceTitle "EXT 2019"]
[Source "ChessBase"]
[SourceDate "2018.10.10"]
[SourceVersion "1"]
[SourceVersionDate "2018.10.10"]
[SourceQuality "1"]

1. d4 d5 2. c4 e6 3. Nc3 Be7 4. cxd5 exd5 5. Bf4 Nf6 6. e3 0-0 7. Bd3 c6 8. h3 Nbd7 9. Nf3 Re8 10. Bh2 Nf8 11. Qc2 Ng6 12. Ne5 Bf8 13. 0-0 Ne7 14. Kh1 g6 15. g4 Bg7 16. Rae1 a6 17. b4 Nd7 18. f4 f6 19. Nxd7 Bxd7 20. f5 g5 21. a4 b6 22. b5 axb5 23. axb5 Ra3 24. Qb2 Ra5 25. bxc6 Bxc6 26. Nb5 Nc8 27. Nc7 Re7 28. Ne6 Qd7 29. Rc1 Ra7 30. Rc3 Nd6 31. Qc2 Nc4 32. Bxc4 dxc4+ 33. e4 b5 34. d5 Ba8 35. Rb1 Re8 36. Qb2 Bf8 37. Rc2 Ra4 38. Qxf6 Bg7 39. Qxg7+ Qxg7 40. Nxg7 Rxe4 41. Rxb5 Kxg7 42. Kg2 Kf7 43. Kf2 Rd4 44. Ke3 Rxd5 45. Rxd5 Bxd5 46. Kd4 Bf3 47. Bd6 Ra6 48. Bc5 Ra4 49. Rb2 h5 50. gxh5 Bxh5 51. Ke5 Ra5 52. Rb7+ Kg8 53. Rc7 Bf7 54. Kf6 c3 55. Kxg5 c2 56. Rc8+ Kh7 57. Bd4 c1Q+ 58. Rxc1 Rd5 59. Rc7 Rxd4 60. Rxf7+ 1-0

[Event "SLO-chT 25th"]
[Site "Otocec"]
[Date "2015.11.07"]
[Round "5.6"]
[White "Rifelj, Luka"]
[Black "Hari, Danilo"]
[Result "1-0"]
[WhiteElo "1945"]
[BlackElo "2164"]
[PlyCount "49"]
[EventDate "2015.10.16"]
[EventType "team-tourn"]
[EventRounds "9"]
[EventCountry "SLO"]
[SourceTitle "EXT 2020"]
[Source "ChessBase"]
[SourceDate "2019.10.17"]
[SourceVersion "1"]
[SourceVersionDate "2019.10.17"]
[SourceQuality "1"]
[WhiteTeam "Novo Mesto Krka"]
[BlackTeam "Radenska Pomgrad"]
[WhiteTeamCountry "SLO"]
[BlackTeamCountry "SLO"]

1. d4 d5 2. c4 c6 3. Nf3 Nf6 4. Nc3 g6 5. cxd5 cxd5 6. Bf4 Bd7 7. Qb3 Bc6 8. Ne5 Nbd7 9. h3 Nxe5 10. Bxe5 Bg7 11. e3 0-0 12. Bd3 Nd7 13. Bxg7 Kxg7 14. 0-0 e6 15. Rac1 Rc8 16. Rc2 Nb6 17. Rfc1 Qg5 18. Qb4 Nc4 19. Ne4 Qh6 20. Bxc4 dxc4 21. Rxc4 Rcd8 22. Rxc6 bxc6 23. Qe7 Rde8 24. Qf6+ Kg8 25. Qe5 1-0

[Event "SLO-CupT"]
[Site "Novo Mesto"]
[Date "2015.03.29"]
[Round "4"]
[White "Pozun, Matej"]
[Black "Rifelj, Luka"]
[Result "0-1"]
[WhiteElo "1724"]
[BlackElo "1934"]
[PlyCount "78"]
[EventDate "2015.03.27"]
[EventType "team-swiss"]
[EventRounds "5"]
[EventCountry "SLO"]
[SourceTitle "EXT 2019"]
[Source "ChessBase"]
[SourceDate "2018.10.10"]
[SourceVersion "1"]
[SourceVersionDate "2018.10.10"]
[SourceQuality "1"]
[WhiteTeam "Krsko Triglav II"]
[BlackTeam "Novo Mesto Krka II"]
[WhiteTeamCountry "SLO"]
[BlackTeamCountry "SLO"]

1. e4 c5 2. Nf3 d6 3. d4 cxd4 4. Nxd4 Nf6 5. Nc3 a6 6. Be2 e6 7. 0-0 Be7 8. f4 Nc6 9. Be3 Qc7 10. Bf3 Bd7 11. Kh1 0-0 12. Qd2 Rac8 13. Rad1 Na5 14. Qd3 Nc4 15. Bc1 b5 16. a3 Rfd8 17. Nde2 Bc6 18. b3 Nb6 19. Bb2 e5 20. Qe3 Qb7 21. Ng3 Bf8 22. Rd2 d5 23. fxe5 dxe4 24. Ncxe4 Nxe4 25. Nxe4 Rxd2 26. Nxd2 Bxf3 27. Nxf3 Rxc2 28. Bd4 Nc8 29. Nh4 Qc6 30. Qf4 Qd5 31. Qg4 Ne7 32. Nf3 h6 33. Re1 Nc6 34. Ba1 Qxb3 35. e6 fxe6 36. Qe4 Qc4 37. Qe3 Bc5 38. Nd2 Bxe3 39. Nxc4 bxc4 0-1

[Event "SLO-chT 24th"]
[Site "Slovenia"]
[Date "2014.11.16"]
[Round "3.3"]
[White "Rifelj, Luka"]
[Black "Praznik, Anton"]
[Result "0-1"]
[WhiteElo "1903"]
[BlackElo "2179"]
[PlyCount "64"]
[EventDate "2014.11.14"]
[EventType "team-tourn"]
[EventRounds "9"]
[EventCountry "SLO"]
[SourceTitle "EXT 2016"]
[Source "ChessBase"]
[SourceDate "2015.10.08"]
[SourceVersion "1"]
[SourceVersionDate "2015.10.08"]
[SourceQuality "1"]
[WhiteTeam "Novo Mesto Krka"]
[BlackTeam "Vrhnika"]
[WhiteTeamCountry "SLO"]
[BlackTeamCountry "SLO"]

1. d4 Nf6 2. c4 c5 3. d5 g6 4. Nc3 d6 5. e4 Bg7 6. Nf3 0-0 7. h3 e6 8. Bd3 exd5 9. cxd5 Bd7 10. a4 Na6 11. 0-0 Re8 12. Bf4 c4 13. Bc2 Nc5 14. Re1 Qb6 15. Rb1 Nh5 16. Be3 Qc7 17. Nd4 a6 18. Qd2 Rab8 19. g4 Nf6 20. Bf4 b5 21. axb5 axb5 22. b4 cxb3 23. Nxb3 b4 24. Nxc5 bxc3 25. Qxc3 Nxd5 26. Qf3 Qxc5 27. Rxb8 Rxb8 28. exd5 Qxc2 29. Bxd6 Rb1 30. Rxb1 Qxb1+ 31. Kg2 Bb5 32. Bh2 Qf1+ 0-1

[Event "Novo Mesto op"]
[Site "Novo Mesto"]
[Date "2014.10.31"]
[Round "3"]
[White "Rifelj, Luka"]
[Black "Urbanc, Peter"]
[Result "0-1"]
[WhiteElo "1903"]
[BlackElo "2086"]
[PlyCount "122"]
[EventDate "2014.10.31"]
[EventType "swiss"]
[EventRounds "9"]
[EventCountry "SLO"]
[SourceTitle "EXT 2019"]
[Source "ChessBase"]
[SourceDate "2018.10.10"]
[SourceVersion "1"]
[SourceVersionDate "2018.10.10"]
[SourceQuality "1"]

1. d4 Nf6 2. c4 b6 3. Nc3 Bb7 4. Nf3 e6 5. a3 d5 6. cxd5 Nxd5 7. Qc2 Be7 8. e4 Nxc3 9. bxc3 0-0 10. Bd3 c5 11. 0-0 Nc6 12. Be3 cxd4 13. cxd4 Rc8 14. Qe2 Na5 15. Rfd1 Qd7 16. d5 exd5 17. exd5 Bf6 18. Rab1 Rc3 19. Ng5 Bxg5 20. Bxg5 f6 21. Bb5 Qf7 22. Bf4 Bxd5 23. Qd2 Rc5 24. Bd6 Nb3 25. Qd3 Rd8 26. Bxc5 Nxc5 27. Qf3 Qg6 28. Bc4 Bxc4 29. Rxd8+ Kf7 30. Rbd1 Qg5 31. Ra8 a6 32. Rad8 b5 33. Qc6 Kg6 34. Qe8+ Bf7 35. Qe7 Bb3 36. Re1 Ne6 37. Rxe6 Bxe6 38. f4 Qf5 39. Qd6 Bc4 40. Qd2 h5 41. h3 Qc5+ 42. Qd4 Qxa3 43. Qe4+ f5 44. Qe8+ Bf7 45. Qe5 Qg3 46. Rd6+ Kh7 47. Qxf5+ Bg6 48. Qe5 b4 49. Rd7 Qc3 50. Rxg7+ Kh6 51. Rb7 Qxe5 52. fxe5 a5 53. Rb5 Bd3 54. Rxa5 b3 55. Ra3 b2 56. Rb3 b1Q+ 57. Rxb1 Bxb1 58. Kf2 Ba2 59. Kf3 Kg5 60. Kg3 h4+ 61. Kh2 Kf4 0-1

[Event "SLO-ch op"]
[Site "Ljubljana"]
[Date "2014.07.10"]
[Round "7"]
[White "Peric, Bernard"]
[Black "Rifelj, Luka"]
[Result "1-0"]
[WhiteElo "2063"]
[BlackElo "1909"]
[PlyCount "77"]
[EventDate "2014.07.04"]
[EventType "swiss"]
[EventRounds "9"]
[EventCountry "SLO"]
[SourceTitle "EXT 2019"]
[Source "ChessBase"]
[SourceDate "2018.10.10"]
[SourceVersion "1"]
[SourceVersionDate "2018.10.10"]
[SourceQuality "1"]

1. d4 d5 2. Bg5 c6 3. e3 Bf5 4. Bd3 Bg6 5. f4 Qa5+ 6. c3 Bxd3 7. Qxd3 Qa6 8. Qc2 Nd7 9. Ne2 Ngf6 10. Bxf6 Nxf6 11. h3 e6 12. g4 Bd6 13. Nd2 0-0-0 14. a3 Kb8 15. b4 h5 16. g5 Ng8 17. Kf2 Ne7 18. a4 f6 19. b5 cxb5 20. axb5 Qb6 21. c4 Rc8 22. Qa4 fxg5 23. c5 Bxc5 24. dxc5 Rxc5 25. Qd4 Nf5 26. Qe5+ Ka8 27. Rxa7+ Qxa7 28. Ra1 Rf8 29. b6 Qa6 30. Rxa6+ bxa6 31. Nb3 Rc6 32. b7+ Ka7 33. Ned4 Nxd4 34. Qxd4+ Rb6 35. Na5 gxf4 36. b8Q+ Rfxb8 37. Nc6+ Kb7 38. Nxb8 fxe3+ 39. Ke2 1-0

[Event "SLO-ch op"]
[Site "Ljubljana"]
[Date "2014.07.07"]
[Round "4"]
[White "Rifelj, Luka"]
[Black "Skok, Boris"]
[Result "1/2-1/2"]
[WhiteElo "1909"]
[BlackElo "1997"]
[PlyCount "56"]
[EventDate "2014.07.04"]
[EventType "swiss"]
[EventRounds "9"]
[EventCountry "SLO"]
[SourceTitle "EXT 2019"]
[Source "ChessBase"]
[SourceDate "2018.10.10"]
[SourceVersion "1"]
[SourceVersionDate "2018.10.10"]
[SourceQuality "1"]

1. d4 d5 2. c4 c6 3. Nf3 Nf6 4. Nc3 a6 5. e3 b5 6. cxd5 cxd5 7. Bd3 e6 8. 0-0 Bb7 9. Ne5 Bd6 10. f4 Nbd7 11. a3 0-0 12. Qf3 Rc8 13. Bd2 g6 14. g4 Ne8 15. Nxd7 Qxd7 16. h4 f5 17. g5 Ng7 18. Na2 Rfd8 19. Rfc1 Rxc1+ 20. Nxc1 Bc7 21. Nb3 Bb6 22. Rc1 Rc8 23. Rxc8+ Qxc8 24. Bb4 Qc7 25. Bc5 Bc8 26. Qe2 Bd7 27. Qc2 Ne8 28. Bxb6 Qxb6 1/2-1/2

[Event "SLO-chT"]
[Site "Slovenia"]
[Date "2013.12.15"]
[Round "9"]
[White "Rifelj, Luka"]
[Black "Podkriznik, Gregor"]
[Result "1/2-1/2"]
[WhiteElo "1887"]
[BlackElo "2341"]
[PlyCount "85"]
[EventDate "2013.11.22"]
[EventType "team-tourn"]
[EventRounds "9"]
[EventCountry "SLO"]
[SourceTitle "EXT 2015"]
[Source "ChessBase"]
[SourceDate "2014.11.20"]
[SourceVersion "1"]
[SourceVersionDate "2014.11.20"]
[SourceQuality "1"]
[WhiteTeam "Novo Mesto Krka"]
[BlackTeam "Ptuj"]
[WhiteTeamCountry "SLO"]
[BlackTeamCountry "SLO"]

1. e4 c5 2. Nf3 d6 3. d4 cxd4 4. Nxd4 Nf6 5. Nc3 a6 6. Bg5 e6 7. f4 Qb6 8. Qd2 Nc6 9. Bxf6 gxf6 10. Nb3 Bd7 11. 0-0-0 0-0-0 12. Be2 h5 13. Rhf1 Kb8 14. Rf3 h4 15. Kb1 Be7 16. Bf1 Rh5 17. Rd3 Na5 18. Rd4 Nxb3 19. axb3 Rc8 20. Na4 Bxa4 21. bxa4 Rhc5 22. Rb4 Qc6 23. c3 f5 24. exf5 Rxf5 25. Bd3 Ra5 26. Rc4 Rc5 27. Rxc5 Qxc5 28. f5 d5 29. Qf4+ Qd6 30. Qxd6+ Bxd6 31. Re1 e5 32. Bc2 Rg8 33. Re2 Rg5 34. Bb3 Rxf5 35. Bxd5 Rf1+ 36. Kc2 f5 37. Rd2 e4 38. Bc4 Rh1 39. Rxd6 Rxh2 40. Rg6 h3 41. Bf1 Rh1 42. Bc4 Rh2 43. Bf1 1/2-1/2

[Event "Novo Mesto op"]
[Site "Novo Mesto"]
[Date "2013.11.02"]
[Round "5"]
[White "Stevanic, David"]
[Black "Rifelj, Luka"]
[Result "0-1"]
[WhiteElo "1648"]
[BlackElo "1887"]
[PlyCount "52"]
[EventDate "2013.10.31"]
[EventType "swiss"]
[EventRounds "9"]
[EventCountry "SLO"]
[SourceTitle "EXT 2015"]
[Source "ChessBase"]
[SourceDate "2014.11.20"]
[SourceVersion "1"]
[SourceVersionDate "2014.11.20"]
[SourceQuality "1"]

1. e4 c5 2. c3 e6 3. d4 d5 4. exd5 exd5 5. Nf3 Nc6 6. Bb5 Bd6 7. h3 Nge7 8. 0-0 0-0 9. Be3 Nf5 10. Bxc6 Nxe3 11. fxe3 bxc6 12. dxc5 Bxc5 13. Nd4 Qe7 14. Nxc6 Qxe3+ 15. Kh1 Bb7 16. Na5 Ba6 17. Rf3 Qe6 18. c4 dxc4 19. Nc3 Rad8 20. Qc2 Bb6 21. Qa4 Rd3 22. Rxd3 cxd3 23. Nb3 Bb7 24. Qg4 f5 25. Qg3 f4 26. Qxd3 Rd8 0-1